Kayıp arkadaş / (Kayıt no. 923)

MARC ayrıntıları
000 -BAŞLIK
Sabit Uzunluktaki Kontrol Alanı 00539nam a22002057a 4500
001 - KONTROL NUMARASI
Control Dosyası 00912
003 - KONTROL NUMARASI KİMLİĞİ
Kontrol Alanı KOHA_MİRAKIL
005 - EN SON İŞLEM TARİHİ ve ZAMANI
Kontrol Alanı 20240914231540.0
008 - SABİT UZUNLUKTAKİ VERİ ÖGELERİ - GENEL BİLGİ
Sabit Alan 240915b tu ||||| |||| 00| 0 tur d
020 ## - ISBN - ULUSLARARASI STANDART KİTAP NUMARASI
Isbn 9786055147372
040 ## - KATALOGLAMA KAYNAĞI
Özgün Kataloglama Kurumu TR-AnABB
Kataloglama Dili tur
Çeviri Kurumu TR-AnABB
041 ## - DİL KODU
Metin ya da ses kaydının dil kodu tur
082 ## - DEWEY ONU SINIFLAMA SİSTEMİ
Sınıflama Numarası 814.42
Cutter numarası SAY 2023
100 ## - KİŞİ ADI
Yazar Adı (Kişi adı) Sayar, Kemal
245 #0 - ESER ADI BİLDİRİMİ
Başlık Kayıp arkadaş /
Sorumluluk Bildirimi Kemal Sayar.
260 ## - YAYIN, DAĞITIM, VB.
Yayın Yeri İstanbul :
Yayınevi Alfa Yayınları,
Yayın Tarihi 2023.
300 ## - FİZİKSEL TANIMLAMA
Sayfa, Cilt vb. 239 sayfa ;
Boyutları 20 cm.
650 ## - KONU BAŞLIĞI EK GİRİŞ - KONU TERİMİ
Konusal terim veya coğrafi ad Türk edebiyatı, deneme
942 ## - EK GİRİŞ ÖGELERİ (KOHA)
Sınıflama Kaynağı Dewey Decimal Classification
Materyal Türü Kitap
Mevcut
Geri Çekilme Durumu Kayıp Durumu Sınıflandırma Kaynağı Kredi için değil Kalıcı Konum Mevcut Konum Kayıt Tarih Edinim Kaynağı Toplam Ödünçverme Yer Numarası Demirbaş Numarası Son Görülme Tarihi Son Kontrol Tarihi Fatura Tarihi Materyal Türü
    Dewey Decimal Classification   Büyükşehir Genç Akademi Batıkent Büyükşehir Genç Akademi Batıkent 22/04/2025     814.42 SAY 2023 ABB124228 22/04/2025   22/04/2025 Kitap
    Dewey Decimal Classification   YHT Gar Çalışma İstasyonu YHT Gar Çalışma İstasyonu 15/09/2024   1 814.42 SAY 2023 ABB101912 10/12/2024 05/11/2024 14/09/2024 Kitap